Standard methods for the examination of water and wastewater
Includes bibliographical references and index; Introduction -- Physical and aggregate properties -- Metals -- Inorganic nonmetallic constituents -- Aggregate organic constituents -- Individual organic compounds -- Radioactivity -- Toxicity -- Microbiological examination -- Biological examinations
Na minha lista:
| Outros Autores: | |
|---|---|
| Formato: | Livro |
| Idioma: | Undetermined |
| Publicado em: |
Washington, DC
American Public Health Association
2017
|
| Assuntos: | |
| Acesso em linha: | http://lrc.tdmu.edu.vn/opac/search/detail.asp?aID=2&ID=33954 |
| Tags: |
Adicionar Tag
Sem tags, seja o primeiro a adicionar uma tag!
|
| Thư viện lưu trữ: | Trung tâm Học liệu Trường Đại học Thủ Dầu Một |
|---|
| LEADER | 01255nam a2200205Ia 4500 | ||
|---|---|---|---|
| 001 | TDMU_33954 | ||
| 008 | 210410s9999 xx 000 0 und d | ||
| 082 | |a 658.4052 | ||
| 090 | |b S105 | ||
| 245 | 0 | |a Standard methods for the examination of water and wastewater | |
| 245 | 0 | |c prepared and published jointly by American Public Health Association, American Water Works Association, Water Environment Federation ; joint editorial board, Rodger B. Baird, Andrew D. Eaton, Eugene W. Rice ; managing editor, Laura L. Bridgewater | |
| 260 | |a Washington, DC | ||
| 260 | |b American Public Health Association | ||
| 260 | |c 2017 | ||
| 300 | |a 1 v. (various pagings) | ||
| 520 | |a Includes bibliographical references and index; Introduction -- Physical and aggregate properties -- Metals -- Inorganic nonmetallic constituents -- Aggregate organic constituents -- Individual organic compounds -- Radioactivity -- Toxicity -- Microbiological examination -- Biological examinations | ||
| 650 | |a Sewage |x Analysis; Water |x Analysis; Nước thải |x Phân tích; Nước |x Phân tích | ||
| 700 | |a Eaton, Andrew D | ||
| 856 | |u http://lrc.tdmu.edu.vn/opac/search/detail.asp?aID=2&ID=33954 | ||
| 980 | |a Trung tâm Học liệu Trường Đại học Thủ Dầu Một | ||